000
00308nam a22001337a 4500
008
170606b xxu||||| |||| 00| 0 eng d
020
_a
9780062700452
041
_a
eng
080
_2
9 ED
_a
94(7/8)
100
_a
18
101
_a
SHH
245
_a
AMERICAN FACTS AND DATES
_c
CARRUTH.G
942
_2
udc
_c
BK
999
_c
16003
_d
16003